2023 NBA All-Stars - Statistics

General Stats
  • This quiz has been taken 817 times
  • The average score is 17 of 24
Answer Stats
Hint Answer % Correct
F LeBron James
98%
G Stephen Curry
95%
C Nikola Jokić
94%
F Giannis Antetokounmpo
90%
G Luka Dončić
88%
C Joel Embiid
86%
F Jayson Tatum
85%
F Kevin Durant
85%
G Jaylen Brown
75%
G Kyrie Irving
75%
G Damian Lillard
73%
G Ja Morant
70%
G Shai Gilgeous-Alexander
69%
G Donovan Mitchell
67%
C Domantas Sabonis
60%
F Paul George
59%
G Tyrese Haliburton
55%
C Bam Adebayo
52%
G DeMar DeRozan
51%
F Zion Williamson
49%
G Jrue Holiday
48%
F Julius Randle
47%
F Lauri Markkanen
45%
F Jaren Jackson Jr.
44%
No matching quizzes found
Score Distribution
Percent of People with Each Score
Percentile by Number Answered
Your Score History
You have not taken this quiz